000 00940nam a22002297a 4500
005 20251108180012.0
008 250721s2025 ua gr 000 0 ara d
020 _a9774081838
041 1 _aara
_heng
082 1 4 _a158.1
_bت ش ا
100 1 _aتشابمان، جويس
_eمؤلف.
245 1 0 _aكيف تعيش و تحقق أحلامك /
_cتأليف جويس تشابمان ؛ إعداد قسم الترجمة بدار الفاروق للإستثمارات الثقافية.
250 _aالطبعة العربية السادسة.
264 3 1 _aالجيزة :
_bدار الفاروق للنشر والتوزيع،
_c2025،
300 _a264 صفحة.
650 1 7 _aالنجاح الشخصي.
650 1 7 _aالسعادة.
650 1 7 _aالرضا.
710 2 _aقسم الترجمة بدار الفاروق للاستثمارات الثقافية
_eمعد.
942 _2ddc
_cBK
999 _c147413
_d147413